| 000 | 00601nam a2200193 i 4500 | ||
|---|---|---|---|
| 001 | 61726 | ||
| 003 | ES-MaACL | ||
| 007 | t| | ||
| 008 | 031113s1982 sp ||||1| spa d | ||
| 100 | 1 |
_aFagundo, Ana María. _948634 |
|
| 245 | 1 | 0 |
_aDesde chanatel, el canto / _cAna María Fagundo. |
| 260 |
_aSevilla : _b[s.n., _c1982] ( _fGráf. Salesianas) |
||
| 300 |
_a91 p. ; _c21 cm. |
||
| 490 | 1 |
_aColección de poesía "Ángaro" ; _v78 |
|
| 830 | 0 | 0 |
_aColección de poesía "Ángaro" ; _v78 _9236649 |
| 852 |
_aES-MaACL _jL-3448 _bR.104399 _964073 |
||
| 942 | _2udc | ||
| 999 |
_c61726 _d61726 |
||